| 000 | 00413nam a2200157Ia 4500 | ||
|---|---|---|---|
| 005 | 20250701031315.0 | ||
| 008 | 240331s9999 xx 000 0 und d | ||
| 020 | _a9556520163 | ||
| 082 |
_bWIJ _a808 |
||
| 100 | _aWijesuriya,S | ||
| 245 | 0 | _aVinayak nethi rataka | |
| 260 |
_aMulleriyawa _bWijesooriya Book Centre _c2004 |
||
| 300 | _a318 p ., | ||
| 500 | _aA book on on a country without discipline | ||
| 942 | _cL | ||
| 999 |
_c5017 _d5017 |
||